Intermediate accounting: comprehensive volume

Saved in:
書目詳細資料
Main Authors: Smith, Jay M (Author), Skousen, K. Fred (Author)
格式: 圖書
語言:英语
出版: Cincinnati South-Western 1984
版:8a. ed
主題:
標簽: 添加標簽
沒有標簽, 成為第一個標記此記錄!

MARC

LEADER 00000nam a2200000 a 4500
001 UCR9291
003 CL-VaPUC
008 980613e19840000US |||||||||||||||||eng|d
082 0 4 |a 657  |b SMI  |2 21 
100 0 |a Smith, Jay M  |e author  |9 411647 
700 0 |a Skousen, K. Fred  |e author  |9 411648 
245 1 0 |a Intermediate accounting: comprehensive volume 
250 |a 8a. ed 
300 |a 1064 p 
942 |c BK 
945 |d 19980613 00:00:00  |a crobeson 
260 |a Cincinnati  |b South-Western  |c 1984 
650 0 |a Contabilidad   |9 261430 
650 0 |a Contabilidad de costos   |9 260564 
650 0 |a Estados de cuentas  |9 352305 
650 0 |a Ciencias administrativas  |9 337994 
583 |a last modification  |c 19980613 00:00:00  |k Rodrigo Vera 
999 |c 270491  |d 270489 
952 |0 0  |1 0  |4 0  |6 657_000000000000000_SMI_1984  |7 0  |8 P  |9 304804  |a BIBGIM  |b BIBGIM  |d 2019-11-20  |i 1409697  |o 657 SMI 1984  |p 1409697  |r 2025-01-15  |w 2019-11-20  |y BK  |k COM